000 00459nam a2200157Ia 4500
008 151213s9999 xx 000 0 und d
100 _aDonna Deams Binkowshi, Folendo A. Febbs
245 _aLearn to Speak English
_cDonna Deams Binkowshi, Folendo A. Febbs
250 _a1st
260 _bBPB Multimedia
_c2006 - 2007
300 _a3641 p.
650 _aEnglish
650 _aEnglish
700 _aDonna Deams Binkowshi, Folendo A. Febbs
999 _c2428
_d2428